| 000 | 00890nam a2200241 a 4500 | ||
|---|---|---|---|
| 001 | 000024478 | ||
| 005 | 20200930023208.0 | ||
| 008 | 110128s2010 dr 001 0 spa d | ||
| 020 | _a9789945163490 | ||
| 040 |
_aDO-SdBNP _bspa _cBNPHU |
||
| 082 |
_a140 _bA185a |
||
| 100 | 1 |
_aAcosta, Dant, _b1965- _950179 |
|
| 245 | 1 | 0 |
_aAutenticidad y cultura en el pensamiento filosófico Latinoaméricano / _cDant Acosta. |
| 260 |
_aSanto Domingo : _bDragón, _c2010. |
||
| 300 |
_a112 p. ; _c22 cm. |
||
| 500 | _aIncluye datos biográficos del autor en las solapas de la cubierta. | ||
| 500 | _aIncluye bibliografía y notas al pie de páginas. | ||
| 504 | _aBibliografía : p. 107-112. | ||
| 590 | _aInventariado, 2018/LP | ||
| 650 | 4 |
_aAutenticidad (filosofía) _950180 |
|
| 650 | 4 |
_aFilosofía latinoamericana _xEnsayos, conferencias, etc. _950181 |
|
| 910 | _aValidado. Control de calidad EMS | ||
| 999 |
_c23971 _d23971 |
||